000 00316nam a22001337a 4500
020 _a81-8275-703-7
082 _a001
_bRIT/B
100 _aRITESH & NALIN
245 _aTHE BIG BOOK OF QUESTIONS AND ANSWERS
260 _aDELHI
_bDHINGRA PUBLISHING HOUSE
_c2007
300 _a143
650 _aQUIZ
_zINDIA
942 _cBK
999 _c2181
_d2181